000 00925nam1a22002651i 4500
001 v19\rc\1834655
005 20240726092559.0
035 _a(NLR Aleph) 005254228
090 _a5835117
_c5835117
100 _a20071224d1908 |||y0rusy50 ca
101 1 _arus
_cger
102 _aRU
105 _a z |||||
200 1 _aИсторическая физика
_fП. Лакур и Я. Аппель
_gПер. с нем. под ред. "Вестн. опыт. физики и элементар. математики". [Т. 1-2]
210 _aОдесса
_cMathesis
_d1908
215 _a2 т.
_d27
700 1 _aЛакур
_bП.
_f1832-1891
_gПоль
701 1 _aАппель
_bЯ.
_gЯкоб
801 0 _aRU
_bNLR
_c20071224
_gpsbo
801 0 _aRU
_bRuMoRGB
_c20071224
_2psbo
801 1 _aRU
_bProSoft-M
_c20071224
_2rusmarc
801 2 _aRU
_bNLR
_c20080324
_2rusmarc
852 _aNLR
_j37.42.3.28
852 _aNLR
_j52/131
942 _cBOOK